000 00306nam a2200109Ia 4500
008 171211s9999 xx 000 0 und d
245 _aForget Me Not: Photography and Remembrance
245 _cGeoffrey Batchen
260 _c2004
650 _xcinema
856 _uhttp://down.ebook777.com/063/1568984502.pdf
999 _c348742
_d348742